| 000 | 01109cam a22003014a 4500 | ||
|---|---|---|---|
| 999 |
_c11003 _d11003 |
||
| 001 | 13836994 | ||
| 003 | OSt | ||
| 005 | 20191223153907.0 | ||
| 008 | 050110s2006 njua b 001 0 eng | ||
| 010 | _a 2005042979 | ||
| 020 | _a9788131705865 | ||
| 035 | _a(OCoLC)ocm57422448 | ||
| 040 |
_aDLC _cDLC _dC#P _dBAKER _dDLC |
||
| 042 | _apcc | ||
| 050 | 0 | 0 |
_aHD30.22 _b.K39 2006 |
| 082 | 0 | 0 |
_a338.5024658 _222 _bKEA/M |
| 100 |
_aKeat, Paul G _9648 |
||
| 245 | 1 | 0 |
_aManagerial economics : _beconomic tools for today's decision makers / _cPaul G. Keat, Philip K.Y. Young. |
| 250 | _a5th ed. | ||
| 260 |
_aUpper Saddle River, N.J. : _bPearson Prentice Hall, _cc2006. |
||
| 300 |
_axx, 593 p. : _bill. ; _c27 cm. |
||
| 504 | _aIncludes bibliographical references and index. | ||
| 650 | 0 | _aManagerial economics. | |
| 700 | 1 |
_aYoung, Philip K. Y. _9706 |
|
| 906 |
_a7 _bcbc _corignew _d1 _eocip _f20 _gy-gencatlg |
||
| 942 |
_2ddc _cBK _h338.5024658 _iKEA/M _k338.5024658 _mKEA/M |
||